Элементы квантовой механики и физики атомного ядра: учебное пособие

Dades bibliogràfiques
Autor principal: Браун А. Г.
Autor corporatiu: Российский государственный технологический университет имени К. Э. Циолковского (МАТИ)
Altres autors: Левитина И. Г.
Sumari:В учебном пособии рассмотрены основные вопросы курса квантовой механики и физики атомного ядра для студентов технических специальностей. Приведены задачи с подробными решениями на соответствующий материал каждого раздела. Даны задачи для самостоятельного решения. Приведены контрольные тесты по всем раз­делам курса с ответами. Учебное пособие предназначено для студентов высших учебных заведений, обучающихся по техническим направлениям подготовки и специальностям.
Idioma:rus
Publicat: Москва, Инфра-М, 2015
Edició:2-е изд.
Col·lecció:Высшее образование - Бакалавриат
Matèries:
Format: Llibre
KOHA link:https://koha.lib.tpu.ru/cgi-bin/koha/opac-detail.pl?biblionumber=301549

MARC

LEADER 00000nam0a2200000 4500
001 301549
005 20231102001418.0
010 |a 9785160103846 
035 |a (RuTPU)RU\TPU\book\326725 
090 |a 301549 
100 |a 20150810d2015 m y0rusy50 ca 
101 0 |a rus 
102 |a RU 
105 |a a j 001zy 
200 1 |a Элементы квантовой механики и физики атомного ядра  |e учебное пособие  |f А. Г. Браун, И. Г. Левитина  |g Российский государственный технологический университет имени К. Э. Циолковского (МАТИ) 
205 |a 2-е изд. 
210 |a Москва  |c Инфра-М  |d 2015 
215 |a 84 с.  |c ил. 
225 1 |a Высшее образование - Бакалавриат 
320 |a Библиогр.: с. 84. 
330 |a В учебном пособии рассмотрены основные вопросы курса квантовой механики и физики атомного ядра для студентов технических специальностей. Приведены задачи с подробными решениями на соответствующий материал каждого раздела. Даны задачи для самостоятельного решения. Приведены контрольные тесты по всем раз­делам курса с ответами. Учебное пособие предназначено для студентов высших учебных заведений, обучающихся по техническим направлениям подготовки и специальностям. 
606 1 |a Квантовая механика  |2 stltpush  |3 (RuTPU)RU\TPU\subj\14211  |9 40667 
606 1 |a Атомное ядро  |x Физика  |2 stltpush  |3 (RuTPU)RU\TPU\subj\29706  |9 52982 
610 1 |a физика 
610 1 |a гипотеза Бройля 
610 1 |a неопределенности Гейзенберга 
610 1 |a уравнения Шредингера 
610 1 |a пси-функции 
610 1 |a свободные частицы 
610 1 |a потенциальные барьеры 
610 1 |a туннельный эффект 
610 1 |a гармонические осцилляторы 
610 1 |a квантовая энергия 
610 1 |a свободные частицы 
610 1 |a водородоподобные атомы 
610 1 |a микрочастицы 
610 1 |a ядерные реакции 
610 1 |a радиоактивность 
610 1 |a масса 
610 1 |a энергия 
610 1 |a взаимодействие 
610 1 |a электромагнитное взаимодействие 
610 1 |a гравитационное взаимодействие 
610 1 |a слабое взаимодействие 
610 1 |a элементарные частицы 
610 1 |a задачи 
610 1 |a решения 
610 1 |a учебные пособия 
675 |a 530.145.6(075.8)  |v 4 
675 |a 539.14(075.8)  |v 4 
700 1 |a Браун  |b А. Г. 
701 1 |a Левитина  |b И. Г. 
712 0 2 |a Российский государственный технологический университет имени К. Э. Циолковского (МАТИ)  |c (1996- )  |2 stltpush  |3 (RuTPU)RU\TPU\col\17771 
801 1 |a RU  |b 63413507  |c 20150810 
801 2 |a RU  |b 63413507  |c 20200115  |g RCR 
900 |a Квантовая механика 
900 |a Физика атомного ядра и элементарных частиц 
900 |a Физика атома, атомного ядра и частиц 
942 |c BK 
951 |l 8.1 
959 |a 92/20150730  |d 5  |e 179,90  |f ЧЗТЛ:1  |f УФ:4